Statistics for World Capitals Closest to Jerusalem

Click here to take the quiz!

General Stats

  • This quiz has been taken 33,060 times
  • The average score is 14 of 20

Answers on the Map

Answers color-coded by a green-red scale on the quiz's map according to % correct below.
Loading ...
 

Answer Stats

kmCapital% Correct
430Cairo
95%
879Baghdad
89%
932Ankara
87%
217Damascus
87%
1256Athens
86%
1559Tehran
86%
237Beirut
84%
71Amman
77%
1376Riyadh
77%
1250Kuwait City
71%
415Nicosia
69%
1606Sofia
68%
1619Bucharest
63%
1628Baku
59%
1736Tirana
57%
1396Tbilisi
55%
1670Skopje
54%
1253Yerevan
53%
1735Pristina
46%
1616Manama
42%

Score Distribution

Percentile by Number Answered

Percent of People with Each Score

Your Score History

You have not taken this quiz